00652nam a2200169 i 4500001000700000003000900007005001700016007000300033008004100036245007400077260008600151300003900237500003300276852003200309999001900341952012200360147060ES-MaACL20230906201803.0t|070921s1964 sp ||||1| spa d00aTurismo. Asamblea Provincial b: inventario de recursos turísticos. aCádiz : bExcma. Diputación Pro. Patronato de Reativación Prov. (1),c1964. a138 p., 2 gráf. pleg. ; c30 cm. a(1) Ejemplar a multicopista. aES-MaACLjC-27517 bR.54728 c147060d147060 00104070aATENEOMbATENEOMcDEPO2d2008-01-17eSCl0oC-27517p1153473r2023-02-23 00:00:00w2023-02-23yMONOGRAFIA